Law and Religion /

Zapisane w:
Opis bibliograficzny
1. autor: Durham, W. Cole.
Format: Książka
Język:English
Wydane: Wolters Kluwer.
Hasła przedmiotowe:
Etykiety: Dodaj etykietę
Nie ma etykietki, Dołącz pierwszą etykiete!
Thư viện lưu trữ: Mạng thư viện Đại học Đà Nẵng
LEADER 00999nam a22003251a 4500
001 000041063
003 17359
005 20220627125947.0
008 160418s0 000 eng
041 |a eng 
082 |a 341  |b DU-C 
100 |a Durham, W. Cole. 
245 0 |a Law and Religion /  |c W. Cole Durham, Brett G. Scharffs. 
260 |a Wolters Kluwer. 
300 |a 618tr. : mh ; 30cm. 
650 |a Law and Religion, Law, Religion 
852 |c Giáo trình 
OWN |a LNN 
AVA |a UDN50  |b LNN  |d 341 DU-C  |e available  |t Error 5001 Not defined in file expand_doc_bib_avail.  |f 1  |g 0  |h N  |i 0  |k 1 
999 |a From the UDN01 
AVA |a UDN50  |b LNN  |d 341 DU-C  |e available  |t Error 5001 Not defined in file expand_doc_bib_avail.  |f 1  |g 0  |h N  |i 0  |k 1 
TYP |a Monograph 
TYP |a Printed language 
980 |a Mạng thư viện Đại học Đà Nẵng